00228nam a2200097Ia 4500008004100000100001800041245001800059260002700077260000900104999001700113170620s9999 xx 000 0 und d aLAXMIKANTH- M 0aINDIAN POLITY bMC GRAW HILL EDUCATION c2015 c30476d30476